[Event "Titled Tue 17th Jun Late"]
[Site "chess.com INT"]
[Date "2025.06.17"]
[Round "2"]
[White "Amirkul, Alimzhan"]
[Black "Tamames Soria, Cesar Manuel"]
[Result "1-0"]
[WhiteTitle "FM"]
[BlackTitle "IM"]
[WhiteElo "2357"]
[BlackElo "2221"]
[WhiteFideId "13718428"]
[BlackFideId "3529169"]
[EventDate "2025.06.17"]

1. c4 c5 2. Nc3 Nc6 3. g3 g6 4. Bg2 Bg7 5. e3 e5 6. Nge2 Nge7 7. O-O O-O 8. b3
d6 9. Bb2 Bf5 10. Nd5 Qd7 11. d4 exd4 12. exd4 Bh3 13. dxc5 Bxb2 14. Rb1 Bg7 15.
cxd6 Qxd6 16. Bxh3 Rfd8 17. Nef4 Ne5 18. Nxe7+ Qxe7 19. Nd5 Qc5 20. Bg2 a5 21.
Re1 a4 22. Qc2 axb3 23. axb3 b5 24. Nc3 Rab8 25. Ne4 Qc7 26. c5 Nc6 27. b4 Rd4
28. Nd6 Nxb4 29. Qb3 Rf8 30. Nxb5 Qxc5 31. Nxd4 Bxd4 32. Qxb4 Bxf2+ 33. Kh1 Qxb4
34. Rxb4 Bxe1 35. Rb7 Rd8 36. Bf1 Rd1 37. Kg2 Rd2+ 38. Kh3 Rf2 39. Bc4 Rf6 40.
Kg4 h5+ 41. Kg5 Kg7 42. Kh4 Bf2 43. Kh3 Bg1 44. Kg2 Bd4 45. Rd7 Rf2+ 46. Kh3 Bc5
47. Rc7 Bb6 48. Rb7 Bd4 49. Bb3 Rf1 50. Bc4 Rf6 51. Kg2 Bf2 52. h3 h4 53. g4 Bd4
54. Bd5 Rf2+ 55. Kh1 Bc5 56. Rc7 Bd4 57. Rc4 Rf1+ 58. Kg2 Rf2+ 59. Kh1 Rd2 60.
Rc7 Rf2 61. Re7 Bc5 62. Rd7 Rd2 63. Rxf7+ Kh6 64. Bc4 Rd1+ 65. Kg2 Rd2+ 66. Kf1
Rh2 67. Rf3 Bd6 68. Kg1 Bg3 69. Bf1 Rf2 70. Rxf2 Bxf2+ 71. Kxf2 Kg5 72. Kf3 Kf6
73. Kf4 g5+ 74. Ke4 Ke6 75. Bc4+ Kf6 76. Kd5 Ke7 77. Ke5 1-0

[Event "Titled Tue 17th Jun Late"]
[Site "chess.com INT"]
[Date "2025.06.17"]
[Round "2"]
[White "Sitbon, Itay"]
[Black "Kramnik, Vladimir"]
[Result "0-1"]
[BlackTitle "GM"]
[WhiteElo "2206"]
[BlackElo "2753"]
[WhiteFideId "2820706"]
[BlackFideId "4101588"]
[EventDate "2025.06.17"]

1. d4 Nf6 2. Nc3 d5 3. Bf4 c5 4. e4 Nxe4 5. Nxe4 dxe4 6. dxc5 Qa5+ 7. c3 Qxc5 8.
Qa4+ Nc6 9. Qxe4 g6 10. Nf3 Bg7 11. Rd1 O-O 12. Be2 Bf5 13. Qa4 a6 14. Be3 Qa5
15. Qh4 Rfd8 16. O-O Rxd1 17. Rxd1 Rd8 18. Re1 Bd3 19. Bxd3 Rxd3 20. Qc4 Qd5 21.
Qxd5 Rxd5 22. Kf1 h5 23. Ke2 Rb5 24. Bc1 f6 25. c4 Rf5 26. Rd1 g5 27. h3 g4 28.
hxg4 hxg4 29. Nh2 Re5+ 30. Be3 f5 31. g3 Ra5 32. a3 Bxb2 33. Rb1 Bd4 34. Rxb7
Rxa3 35. Nf1 Ra2+ 36. Kd3 Bf6 37. Nd2 a5 38. c5 Ne5+ 39. Ke2 a4 40. Bf4 Nc6 41.
Rb6 Nd4+ 42. Kd3 Ra3+ 43. Kc4 Nf3 44. Nxf3 Rxf3 45. c6 Rc3+ 46. Kd5 Kf7 47. c7
a3 48. Rc6 Rxc6 49. Kxc6 a2 50. c8=Q a1=Q 51. Qxf5 Qc3+ 52. Kb5 Qb3+ 53. Kc5
Qc3+ 54. Kb5 Qf3 55. Qc2 Qd5+ 56. Kb4 Qd4+ 57. Kb3 Kg7 58. Qc4 Qxf2 59. Bc1
Qxg3+ 60. Kc2 Qf2+ 61. Bd2 Qf3 62. Qc8 Qe4+ 63. Kd1 g3 64. Qh3 Qf3+ 65. Ke1 Qf2+
66. Kd1 g2 67. Qg4+ Kf7 68. Qh5+ Ke6 69. Qh3+ Kd5 70. Qb3+ Ke4 71. Qc4+ Kf5 72.
Qc8+ Ke4 73. Qg4+ Kd5 74. Qd7+ Ke4 75. Qg4+ Ke5 76. Bc3+ Kd5 77. Qh5+ Kc4 78.
Qf7+ Kxc3 0-1

[Event "Titled Tue 17th Jun Late"]
[Site "chess.com INT"]
[Date "2025.06.17"]
[Round "2"]
[White "Atis, Hasan"]
[Black "Gattani, Sarthak"]
[Result "1-0"]
[WhiteTitle "CM"]
[WhiteElo "2089"]
[BlackElo "1944"]
[WhiteFideId "44598017"]
[BlackFideId "30995965"]
[EventDate "2025.06.17"]

1. e4 e5 2. Nf3 Nc6 3. Nc3 Nf6 4. Nd5 Bc5 5. Bd3 d6 6. c3 O-O 7. O-O Bg4 8. h3
Bh5 9. Nxf6+ Qxf6 10. Be2 Bxf3 11. Bxf3 Bb6 12. a4 a6 13. d3 Ne7 14. a5 Ba7 15.
Qb3 b5 16. axb6 Bxb6 17. Qc4 a5 18. Be3 Ng6 19. d4 Nf4 20. Bxf4 Qxf4 21. Qd5
Rab8 22. Rfd1 Rfd8 23. dxe5 Qxe5 24. Qxe5 dxe5 25. Kf1 Kf8 26. Ke2 Ke7 27. Bg4
f6 28. Rxd8 Rxd8 29. Bf3 Rb8 30. Rd1 Bc5 31. Bg4 Rxb2+ 32. Kd3 Rxf2 33. Kc4 Bd6
34. Ra1 Rxg2 35. Rxa5 g6 36. Ra8 h5 37. Bc8 Rf2 38. Kd5 Rd2+ 39. Kc4 Re2 40. Bb7
f5 41. exf5 gxf5 42. Rh8 e4 43. Rxh5 f4 44. Rh7+ Kf6 45. Rh6+ Kg5 46. Rh8 f3 47.
h4+ Kf6 48. Rh6+ Kg7 49. Rh5 f2 50. Rg5+ Kh6 51. Rf5 e3 52. Kd3 Re1 53. Bg2 Rg1
54. Bh3 Rg3 55. Bf1 Kg6 56. Ra5 Bf4 57. h5+ Kh6 58. Ke2 Rg5 59. Ra4 Rf5 60. Bh3
Rf6 61. Bg4 Kg5 62. Bf3 Bg3 63. Rg4+ Kxh5 64. Rxg3+ Kh4 65. Rg4+ Kh3 66. Rg8
f1=Q+ 67. Kxf1 Rxf3+ 68. Ke2 Rf6 69. Kxe3 Rd6 70. Ke4 Kh4 71. c4 Rd1 72. Ke5 Rc1
73. Kd5 Rd1+ 74. Kc6 Rc1 75. c5 Kh5 76. Rg7 Kh6 77. Rxc7 Kg6 78. Re7 Kf6 79. Re2
Rc2 80. Rxc2 Ke5 81. Rd2 Ke6 82. Kc7 Ke5 83. c6 Ke6 84. Kb7 Ke5 85. c7 Ke6 86.
c8=Q+ Ke7 87. Qc7+ 1-0

[Event "Titled Tue 17th Jun Late"]
[Site "chess.com INT"]
[Date "2025.06.17"]
[Round "2"]
[White "Pribelszky, Bence"]
[Black "Stribuk, Artiom"]
[Result "0-1"]
[WhiteTitle "IM"]
[BlackTitle "IM"]
[WhiteElo "2396"]
[BlackElo "2460"]
[WhiteFideId "769738"]
[BlackFideId "13515659"]
[EventDate "2025.06.17"]

1. e4 c6 2. d4 d5 3. Nc3 dxe4 4. Nxe4 Nf6 5. Nxf6+ exf6 6. c3 Bd6 7. Bd3 O-O 8.
Qc2 Re8+ 9. Ne2 h6 10. Be3 Nd7 11. h4 Nb6 12. Rg1 Nd5 13. Bd2 Nf4 14. Bxf4 Bxf4
15. g3 Bd6 16. O-O-O Be6 17. g4 Qa5 18. a3 Rad8 19. f4 Bc8 20. g5 fxg5 21. hxg5
h5 22. f5 Re3 23. Rh1 Rxd3 24. Qxd3 Bxf5 25. Qe3 Bg6 26. Ng3 Qa4 27. Rd2 Qb3 28.
Ne4 Bf8 29. Rdh2 Qa2 30. Rxh5 Bxh5 31. Rxh5 Qa1+ 32. Kc2 Qf1 33. Rh2 Qf5 34. Kb3
c5 35. Qe1 cxd4 36. Qh4 f6 37. Nxf6+ gxf6 38. Qh8+ Kf7 39. Rh7+ Ke6 40. Qg8+ Ke5
41. cxd4+ Ke4 42. Rh4+ Kf3 43. gxf6 Qd5+ 44. Qxd5+ Rxd5 45. Rh8 Rd8 46. Kc4 Ke4
47. Rh5 Rc8+ 48. Kb5 Kxd4 49. Rf5 Ke4 50. Rf2 Ke5 51. b4 Ke6 52. a4 Bd6 53. a5
Rf8 54. a6 Rf7 55. axb7 Rxb7+ 56. Ka6 Rxb4 57. Kxa7 Bf4 58. f7 Kxf7 59. Ka6 Ke6
60. Ka5 Re4 61. Kb5 Bd6 62. Rf1 Rb4+ 63. Ka5 Rb8 64. Rd1 Kd7 65. Ka4 Kc6 66.
Rc1+ Bc5 67. Rc4 Kd5 68. Rc1 Bd4 69. Rc2 Rb1 70. Ka5 Bc5 71. Ka4 Bd6 72. Ka5 Be5
73. Ka4 Bd4 74. Ka5 Ke4 75. Rc6 Be3 76. Ka6 Kd5 77. Rc2 Rb3 78. Ka5 Bd4 79. Ka4
Rb8 80. Ka3 Bc5+ 81. Ka2 Rb7 82. Rc3 Bd4 83. Rb3 Ra7+ 84. Kb1 Kc4 85. Rb8 Ra1+
86. Kc2 Ra2+ 87. Kd1 Kd3 88. Rb3+ Bc3 89. Kc1 Rc2+ 90. Kb1 Re2 91. Rb8 Re1+ 92.
Ka2 Ra1+ 93. Kb3 Rb1+ 94. Ka2 Rxb8 95. Ka3 Rb1 96. Ka2 Kc2 97. Ka3 Ra1# 0-1

[Event "Titled Tue 17th Jun Late"]
[Site "chess.com INT"]
[Date "2025.06.17"]
[Round "2"]
[White "Leenhouts, Koen"]
[Black "Bogdanov, Egor"]
[Result "1-0"]
[WhiteTitle "GM"]
[BlackTitle "GM"]
[WhiteElo "2476"]
[BlackElo "2515"]
[WhiteFideId "1008439"]
[BlackFideId "14119137"]
[EventDate "2025.06.17"]

1. d4 Nf6 2. c4 g6 3. Nc3 Bg7 4. e4 O-O 5. f4 d6 6. Nf3 c5 7. d5 e6 8. Be2 exd5
9. cxd5 Bg4 10. O-O Nbd7 11. h3 Bxf3 12. Bxf3 Re8 13. Bd2 a6 14. Qc2 b5 15. Rae1
c4 16. Be3 Rc8 17. Ne2 Nc5 18. Ng3 Nd3 19. Re2 Nxd5 20. exd5 Rxe3 21. Rxe3 Bd4
22. Kh1 Bxe3 23. f5 Bd4 24. fxg6 hxg6 25. Be4 Ne5 26. Rf4 Qg5 27. Ne2 Be3 28.
Rf1 b4 29. Qa4 c3 30. Qxa6 Rc7 31. Qxd6 Qe7 32. Qxe7 Rxe7 33. bxc3 f5 34. d6 Rd7
35. Bd5+ Kg7 36. cxb4 Rxd6 37. Bb3 Rd2 38. Nf4 Bxf4 39. Rxf4 Nd3 40. Rf1 Nxb4
41. Rd1 Rb2 42. Rd7+ Kh6 43. Kh2 f4 44. Rd4 f3 45. Rxb4 Rxg2+ 46. Kh1 Rg3 47.
Rf4 g5 48. Rf6+ Kg7 49. Rf7+ Kg6 50. Kh2 Rg2+ 51. Kh1 Rg3 52. Be6 Rg2 53. Rxf3
Re2 54. Bb3 Kh5 55. Rg3 Rb2 56. Rd3 Kh4 57. Re3 Rd2 58. Kg1 Rb2 59. Rf3 Rd2 60.
Be6 Rb2 61. Re3 Rd2 62. Re4+ Kh5 63. Bg4+ Kh4 64. Bf5+ Kh5 65. Rg4 Rxa2 66. Be4
Ra5 67. Bg2 Kg6 68. Kh2 Ra2 69. Kg3 Ra3+ 70. Bf3 Rc3 71. Re4 Kf5 72. Rd4 Rb3 73.
Rg4 Ra3 74. Rb4 Rc3 75. Rb5+ Kf6 76. Kg4 Rc4+ 77. Kg3 Rc3 78. Rb6+ Kf5 79. Rb8
Ra3 80. Rf8+ Kg6 81. Re8 Kf5 82. Re2 Rb3 83. Kg2 Kf4 84. Re4+ Kf5 85. Ra4 Rc3
86. Bg4+ Kf6 87. Ra6+ Kg7 88. Rb6 Ra3 89. Bf5 Kf7 90. Rg6 Ra5 91. Be4 Re5 92.
Bd3 Re3 93. Rd6 Ke7 94. Rd4 Kf6 95. Bf1 Ra3 96. Rb4 Kf5 97. Rb5+ Kf4 98. Rb4+
Kf5 99. Be2 Ra2 100. Kf2 Ra3 101. Bf3 Ra2+ 102. Kg3 Ra3 103. Rb5+ Kf6 104. Rc5
Rb3 105. Rc4 Rb1 106. Kg4 Rg1+ 107. Kh5 Ra1 108. Rc6+ Kf5 109. Bg4+ Kf4 110.
Rf6+ Ke5 111. Kxg5 Ra8 112. Rf5+ Kd6 113. Rf6+ Ke7 114. Rg6 Ra5+ 115. Bf5 Ra1
116. h4 Rg1+ 117. Bg4 Rh1 118. Rg7+ Kf8 119. Ra7 Rb1 120. h5 Rb5+ 121. Kf6 Kg8
122. Be6+ Kh8 123. Ra8+ Kh7 124. Bf5+ Rxf5+ 125. Kxf5 1-0

[Event "Titled Tue 17th Jun Late"]
[Site "chess.com INT"]
[Date "2025.06.17"]
[Round "3"]
[White "Noroozi, Omid"]
[Black "Rosen, Eric"]
[Result "0-1"]
[WhiteTitle "IM"]
[BlackTitle "IM"]
[WhiteElo "2266"]
[BlackElo "2377"]
[WhiteFideId "12501190"]
[BlackFideId "2032562"]
[EventDate "2025.06.17"]

1. c4 e6 2. Nc3 d5 3. d4 Nf6 4. cxd5 exd5 5. Bg5 c6 6. e3 Bd6 7. Bd3 h6 8. Bh4
O-O 9. Nge2 Re8 10. O-O Bxh2+ 11. Kxh2 Ng4+ 12. Kg3 g5 13. Re1 gxh4+ 0-1

[Event "Titled Tue 17th Jun Late"]
[Site "chess.com INT"]
[Date "2025.06.17"]
[Round "3"]
[White "Moroni, Luca Jr"]
[Black "Wanyama, Harold"]
[Result "1-0"]
[WhiteTitle "GM"]
[BlackTitle "FM"]
[WhiteElo "2549"]
[BlackElo "2143"]
[WhiteFideId "865834"]
[BlackFideId "10000380"]
[EventDate "2025.06.17"]

1. d4 d5 2. c4 e6 3. Nc3 Be7 4. cxd5 exd5 5. Bf4 c6 6. e3 Bf5 7. Nge2 Nd7 8. Ng3
Be6 9. Nh5 Qb6 10. Nxg7+ Kf8 11. Nxe6+ fxe6 12. Qc2 h5 13. Be2 Bf6 14. O-O e5
15. dxe5 Nxe5 16. Qf5 Nd7 17. Qxd7 Qxb2 18. Rfc1 Ne7 19. Rab1 1-0

[Event "Titled Tue 17th Jun Late"]
[Site "chess.com INT"]
[Date "2025.06.17"]
[Round "3"]
[White "Jing, Andrew"]
[Black "Sinkar, Anagha Aniket"]
[Result "1-0"]
[WhiteTitle "FM"]
[BlackTitle "WCM"]
[WhiteElo "2292"]
[BlackElo "1776"]
[WhiteFideId "30984076"]
[BlackFideId "30974780"]
[EventDate "2025.06.17"]

1. e4 c5 2. Nf3 Nc6 3. Bb5 e5 4. Bxc6 dxc6 5. d3 Bd6 6. O-O Nf6 7. h3 O-O 8. Be3
Be6 9. Nbd2 b5 10. a4 c4 11. Ng5 cxd3 12. Nxe6 dxc2 13. Qxc2 fxe6 14. Qxc6 bxa4
15. Rxa4 Qc7 16. Qxc7 Bxc7 17. Rxa7 Rxa7 18. Bxa7 Rd8 19. Be3 Ba5 20. Nc4 Bc7
21. f3 Rb8 22. Rc1 Rb4 23. Kf2 Kf7 24. Ke2 Ke7 25. Bc5+ Kd7 26. Bxb4 1-0

[Event "Titled Tue 17th Jun Late"]
[Site "chess.com INT"]
[Date "2025.06.17"]
[Round "3"]
[White "Tanriverdi, Enes"]
[Black "Nihal, Sarin"]
[Result "0-1"]
[WhiteTitle "IM"]
[BlackTitle "GM"]
[WhiteElo "2413"]
[BlackElo "2696"]
[WhiteFideId "34543279"]
[BlackFideId "25092340"]
[EventDate "2025.06.17"]

1. e4 h6 2. a3 c6 3. b3 d5 4. Bb2 dxe4 5. Nc3 Nf6 6. f3 Bf5 7. Qe2 exf3 8. Nxf3
Bxc2 9. d3 Bxb3 10. g3 Nbd7 11. Nd4 Bd5 12. Nxd5 Nxd5 13. Bg2 Qa5+ 14. Kf2 e6
15. Rhf1 Bc5 16. Kg1 Nc3 17. Bxc3 Qxc3 18. Kh1 Qxd4 19. Rxf7 Qxa1+ 20. Rf1 Qe5
21. Qh5+ Qxh5 0-1

[Event "Titled Tue 17th Jun Late"]
[Site "chess.com INT"]
[Date "2025.06.17"]
[Round "3"]
[White "Martinez Ramirez, Lennis"]
[Black "Becking, Stephan"]
[Result "1-0"]
[WhiteTitle "IM"]
[BlackTitle "IM"]
[WhiteElo "2442"]
[BlackElo "2410"]
[WhiteFideId "3509079"]
[BlackFideId "4632478"]
[EventDate "2025.06.17"]

1. d4 Nf6 2. Nf3 e6 3. c4 Bb4+ 4. Bd2 Qe7 5. g3 O-O 6. Bg2 a5 7. O-O Bxd2 8.
Nfxd2 d6 9. e4 e5 10. d5 Na6 11. Nc3 Nc5 12. Qc2 Bd7 13. Rae1 Nh5 14. f4 f5 15.
fxe5 dxe5 16. exf5 Bxf5 17. Rxf5 1-0

[Event "Titled Tue 17th Jun Late"]
[Site "chess.com INT"]
[Date "2025.06.17"]
[Round "3"]
[White "Fernandez Siles, Luis"]
[Black "Anhwere, Bernard"]
[Result "1-0"]
[WhiteTitle "FM"]
[BlackTitle "CM"]
[WhiteElo "2170"]
[BlackElo "1906"]
[WhiteFideId "2209420"]
[BlackFideId "12600580"]
[EventDate "2025.06.17"]

1. d4 Nf6 2. Bg5 g6 3. Bxf6 exf6 4. g3 Bg7 5. Bg2 O-O 6. c4 d5 7. Bxd5 c6 8. Bg2
Qb6 9. b3 c5 10. e3 cxd4 11. exd4 f5 12. Ne2 Nc6 13. Bxc6 Qxc6 14. O-O Rd8 15.
Nbc3 f4 16. Nd5 f3 17. Ne7+ 1-0

[Event "Titled Tue 17th Jun Late"]
[Site "chess.com INT"]
[Date "2025.06.17"]
[Round "3"]
[White "Ilinca, Felix-Antonio"]
[Black "Firouzja, Alireza"]
[Result "0-1"]
[WhiteTitle "IM"]
[BlackTitle "GM"]
[WhiteElo "2431"]
[BlackElo "2766"]
[WhiteFideId "54764998"]
[BlackFideId "12573981"]
[EventDate "2025.06.17"]

1. b3 Nf6 2. Bb2 g6 3. Bxf6 exf6 4. c4 Bg7 5. Nc3 f5 6. Rc1 O-O 7. g3 d6 8. Bg2
Nd7 9. e3 Nf6 10. Nge2 Re8 11. O-O c6 12. d3 Bd7 13. b4 a6 14. a4 a5 15. b5 Qc7
16. Qb3 h5 17. h4 Ng4 18. Nf4 Rab8 19. Rfd1 Qd8 20. d4 Qf6 21. Qa3 Nxe3 22. fxe3
Rxe3 23. Kf2 Rbe8 24. Qb2 Bh6 25. Nce2 g5 26. hxg5 Bxg5 27. Rc3 R3e7 28. Bf3 h4
29. Rg1 Kf8 30. gxh4 Bxf4 31. Nxf4 Qxh4+ 32. Rg3 Qxf4 33. Qc1 Qxd4+ 34. Kg2 f4
35. Rg6 fxg6 0-1

[Event "Titled Tue 17th Jun Late"]
[Site "chess.com INT"]
[Date "2025.06.17"]
[Round "3"]
[White "Holt, Conrad"]
[Black "Sliwicka, Alicja"]
[Result "1-0"]
[WhiteTitle "GM"]
[BlackTitle "WGM"]
[WhiteElo "2540"]
[BlackElo "2299"]
[WhiteFideId "2034387"]
[BlackFideId "1150677"]
[EventDate "2025.06.17"]

1. d4 Nf6 2. c4 c5 3. d5 b5 4. Nf3 e6 5. Bg5 h6 6. Bxf6 Qxf6 7. Nc3 b4 8. Nb5
Na6 9. e4 exd5 10. e5 Qb6 11. cxd5 d6 12. Bc4 Bd7 13. Qe2 O-O-O 14. Nxd6+ Bxd6
15. Bxa6+ Kb8 16. O-O Bg4 17. exd6 Rhe8 18. Qb5 Bxf3 19. Qxb6+ axb6 20. gxf3
Rxd6 21. Rfe1 Red8 22. Re7 Rxd5 23. Rb7+ Ka8 24. Rxf7 Rf5 25. Rxf5 1-0

[Event "Titled Tue 17th Jun Late"]
[Site "chess.com INT"]
[Date "2025.06.17"]
[Round "3"]
[White "Playa, Marcelo"]
[Black "Molinaroli, Martin"]
[Result "1-0"]
[WhiteTitle "IM"]
[BlackTitle "FM"]
[WhiteElo "2376"]
[BlackElo "2157"]
[WhiteFideId "102202"]
[BlackFideId "4606604"]
[EventDate "2025.06.17"]

1. e4 c6 2. d4 d5 3. e5 Na6 4. Bxa6 Qa5+ 5. Bd2 Qxa6 6. Ne2 Bf5 7. O-O Bxc2 8.
Qxc2 Qxe2 9. Nc3 Qa6 10. f4 e6 11. f5 Ne7 12. f6 Nf5 13. Rxf5 exf5 14. Qxf5 g6
15. Qg4 h5 16. Qh3 Bh6 17. Bxh6 Rxh6 18. e6 Qc4 19. exf7+ Kf8 20. Qe6 Qxd4+ 21.
Kh1 Qc5 22. Re1 1-0

[Event "Titled Tue 17th Jun Late"]
[Site "chess.com INT"]
[Date "2025.06.17"]
[Round "3"]
[White "Stichter, Constantin Paul"]
[Black "Fikiet, Alex"]
[Result "0-1"]
[WhiteTitle "CM"]
[WhiteElo "2216"]
[BlackElo "2151"]
[WhiteFideId "34603140"]
[BlackFideId "2052717"]
[EventDate "2025.06.17"]

1. e4 c5 2. b3 g6 3. Bb2 Nf6 4. g4 Bg7 5. g5 Nh5 6. Bxg7 Nxg7 7. Nc3 Nc6 8. Nf3
d6 9. d4 Bg4 10. d5 Nd4 11. Be2 Bxf3 12. Bxf3 Qa5 13. Qd3 O-O-O 14. Bg4+ e6 15.
O-O h6 16. f4 Kb8 17. a3 h5 18. Bh3 Qxc3 0-1

[Event "Titled Tue 17th Jun Late"]
[Site "chess.com INT"]
[Date "2025.06.17"]
[Round "3"]
[White "Yildiz, Egehan"]
[Black "Kobo, Ori"]
[Result "0-1"]
[WhiteTitle "FM"]
[BlackTitle "GM"]
[WhiteElo "2198"]
[BlackElo "2493"]
[WhiteFideId "44518072"]
[BlackFideId "2812320"]
[EventDate "2025.06.17"]

1. d4 Nf6 2. c4 g6 3. g3 Bg7 4. Bg2 d6 5. Nf3 O-O 6. O-O Bd7 7. Nc3 Re8 8. Re1
e5 9. e4 exd4 10. Nxd4 Nc6 11. h3 Nxd4 12. Qxd4 Nxe4 13. Qd3 Nxc3 14. Rxe8+ Qxe8
15. bxc3 Qe1+ 0-1

[Event "Titled Tue 17th Jun Late"]
[Site "chess.com INT"]
[Date "2025.06.17"]
[Round "3"]
[White "Rustamov, Rustam"]
[Black "Mika, Tomasz"]
[Result "1-0"]
[WhiteTitle "FM"]
[BlackTitle "CM"]
[WhiteElo "2334"]
[BlackElo "2227"]
[WhiteFideId "13440110"]
[BlackFideId "1132970"]
[EventDate "2025.06.17"]

1. e4 c5 2. Nf3 Nc6 3. d4 cxd4 4. Nxd4 e5 5. Nb5 d6 6. c4 g6 7. Be2 a6 8. N5c3
Bg7 9. O-O Nf6 10. Bg5 h6 11. Bxf6 Bxf6 12. Nd5 Bg7 13. Nbc3 Nd4 14. Bd3 O-O 15.
Ne2 Be6 16. Nxd4 exd4 17. Nf4 Bd7 18. Nd5 b5 19. Rc1 bxc4 20. Bxc4 Bb5 21. Qd3
Qa5 22. a3 Kh7 23. b4 Bxc4 24. Rxc4 Qd8 25. Rfc1 Ra7 26. Rxd4 Bxd4 27. Qxd4 Qg5
28. f4 1-0

[Event "Titled Tue 17th Jun Late"]
[Site "chess.com INT"]
[Date "2025.06.17"]
[Round "3"]
[White "Kostov, Deyan Samuil"]
[Black "Maglioni, Leonardo"]
[Result "0-1"]
[WhiteTitle "FM"]
[WhiteElo "2352"]
[BlackElo "2069"]
[WhiteFideId "30909015"]
[BlackFideId "2896830"]
[EventDate "2025.06.17"]

1. d4 Nf6 2. Bg5 Ne4 3. Bf4 c5 4. f3 Nf6 5. dxc5 Na6 6. Nc3 Nxc5 7. e4 d6 8. Qd2
e5 9. Be3 Be6 10. Bb5+ Ncd7 11. Nge2 a6 12. Ba4 Be7 13. Bb3 O-O 14. O-O Rc8 15.
Rad1 Qc7 16. Ng3 Nc5 17. Nf5 Bxf5 18. exf5 Nxb3 19. axb3 d5 20. Nxd5 Nxd5 21.
Qxd5 Qxc2 22. Qxb7 Bc5 23. Bxc5 Rxc5 24. Qxa6 Qxb2 25. f6 Rc2 0-1

[Event "Titled Tue 17th Jun Late"]
[Site "chess.com INT"]
[Date "2025.06.17"]
[Round "3"]
[White "Erdogan, Anil Berk"]
[Black "Steinberg, Nitzan"]
[Result "0-1"]
[WhiteTitle "CM"]
[BlackTitle "GM"]
[WhiteElo "2091"]
[BlackElo "2554"]
[WhiteFideId "6348173"]
[BlackFideId "2801795"]
[EventDate "2025.06.17"]

1. e4 c5 2. Nf3 e6 3. d4 cxd4 4. Nxd4 Nc6 5. Nc3 Qc7 6. Nb3 a6 7. g3 Nf6 8. Bg2
b5 9. a3 Bb7 10. O-O h5 11. f4 h4 12. g4 h3 13. Bf3 d6 14. g5 Nd7 15. Be3 Rc8
16. Qe2 Nb6 17. Nd5 exd5 18. exd5 Ne7 19. Bxb6 Qxb6+ 20. Kh1 g6 21. Rfe1 Rc7 22.
Nd2 Bg7 23. Rad1 O-O 24. Ne4 Nxd5 25. Qf2 Qxf2 0-1

[Event "Titled Tue 17th Jun Late"]
[Site "chess.com INT"]
[Date "2025.06.17"]
[Round "3"]
[White "Bardyk, Artem"]
[Black "Cornelisse, Lorelei"]
[Result "1-0"]
[WhiteTitle "FM"]
[BlackTitle "WFM"]
[WhiteElo "2260"]
[BlackElo "2138"]
[WhiteFideId "34349979"]
[BlackFideId "1087177"]
[EventDate "2025.06.17"]

1. e4 e5 2. Nf3 Nc6 3. Nc3 Nf6 4. a4 Bc5 5. Nxe5 O-O 6. Nxc6 dxc6 7. Be2 Qd4 8.
O-O Nxe4 9. Nxe4 Qxe4 10. Bf3 Qg6 11. d4 Bd6 12. Re1 Bf5 13. c3 Rfe8 14. Be3 Bc2
15. Qd2 Be4 16. Bxe4 Rxe4 17. f3 Qh5 18. fxe4 Qxh2+ 19. Kf1 Qh1+ 20. Bg1 Re8 21.
e5 Be7 22. Qe3 f6 23. Qh3 1-0

[Event "Titled Tue 17th Jun Late"]
[Site "chess.com INT"]
[Date "2025.06.17"]
[Round "3"]
[White "Tinmaz, Kerem"]
[Black "Toroptseva, Yevheniia"]
[Result "1-0"]
[WhiteTitle "FM"]
[BlackTitle "WFM"]
[WhiteElo "2013"]
[BlackElo "2104"]
[WhiteFideId "44559151"]
[BlackFideId "34109374"]
[EventDate "2025.06.17"]

1. c4 b6 2. Nc3 Bb7 3. e4 e6 4. d4 Bb4 5. Bd3 Nf6 6. Qe2 Nc6 7. Be3 Ne7 8. f3 d5
9. cxd5 exd5 10. e5 Nd7 11. f4 O-O 12. Nf3 c5 13. O-O cxd4 14. Bxd4 Bc5 15. e6
Bxd4+ 16. Nxd4 Nc5 17. Rae1 f6 18. Rf3 g6 19. f5 g5 20. Rh3 Nxd3 21. Qh5 Re8 22.
Qf7+ Kh8 23. Qxh7# 1-0

[Event "Titled Tue 17th Jun Late"]
[Site "chess.com INT"]
[Date "2025.06.17"]
[Round "3"]
[White "Ferriz Barrios, Andres"]
[Black "Nita, Lucian"]
[Result "1-0"]
[WhiteTitle "FM"]
[WhiteElo "2102"]
[BlackElo "2143"]
[WhiteFideId "5104467"]
[BlackFideId "1206923"]
[EventDate "2025.06.17"]

1. d4 d6 2. Nf3 Nf6 3. g3 Nbd7 4. Bg2 e5 5. dxe5 dxe5 6. O-O Bc5 7. Nbd2 O-O 8.
Nc4 Qe7 9. a3 a5 10. Bd2 a4 11. b4 axb3 12. cxb3 b5 13. Ncxe5 Nxe5 14. Nxe5 Rxa3
15. Nc6 Qd6 16. Rxa3 Bxa3 17. Bf4 Qxd1 18. Rxd1 Be6 19. Bxc7 h6 20. b4 Bb2 21.
Bd6 Ra8 22. Ne7+ 1-0

[Event "Titled Tue 17th Jun Late"]
[Site "chess.com INT"]
[Date "2025.06.17"]
[Round "3"]
[White "Ferraz, Michel Liah"]
[Black "Tymrakiewicz, Rafal"]
[Result "0-1"]
[BlackTitle "FM"]
[WhiteElo "2007"]
[BlackElo "2206"]
[WhiteFideId "22743219"]
[BlackFideId "1108832"]
[EventDate "2025.06.17"]

1. d4 d5 2. c4 c6 3. cxd5 cxd5 4. Nc3 Nf6 5. Nf3 Nc6 6. e3 a6 7. Bd3 Bg4 8. O-O
e6 9. h3 Bh5 10. a3 Bd6 11. b4 O-O 12. Bb2 Rc8 13. Rc1 Nd7 14. Na4 b5 15. Nc5
Nxc5 16. dxc5 Bb8 17. e4 d4 18. g4 Bg6 19. Nd2 Qh4 20. Kg2 f5 21. exf5 exf5 22.
Nf3 Qh6 23. g5 Qh5 24. Qd2 Rce8 25. Nxd4 Nxd4 26. Bxd4 f4 27. Bxg6 f3+ 28. Kg1
Qxh3 0-1

[Event "Titled Tue 17th Jun Late"]
[Site "chess.com INT"]
[Date "2025.06.17"]
[Round "3"]
[White "Mahdavi, Reza"]
[Black "Atis, Hasan"]
[Result "1-0"]
[WhiteTitle "IM"]
[BlackTitle "CM"]
[WhiteElo "2454"]
[BlackElo "2089"]
[WhiteFideId "12595926"]
[BlackFideId "44598017"]
[EventDate "2025.06.17"]

1. e4 c5 2. Nf3 a6 3. g3 Nc6 4. Bg2 g6 5. c3 d5 6. exd5 Qxd5 7. d4 Bg7 8. O-O
Bg4 9. h3 Bxf3 10. Bxf3 Qd6 11. Bf4 Qd7 12. dxc5 O-O-O 13. Na3 e5 14. Bg5 Nge7
15. Nc4 Qe6 16. Qb3 e4 17. Bg4 Nf5 18. Bxd8 Rxd8 19. Nd6+ Rxd6 20. cxd6 Qxd6 21.
Qxf7 Ne5 22. Bxf5+ 1-0